000 00688cam a2200241 a 4500
001 13849470
005 20180202083619.0
008 050125s2006 maua 001 0 eng
010 _a 2005921117
020 _a0312434391
040 _aDLC
_cDLC
_dDLC
041 _aeng
080 _a371
082 _2371 AXE
100 1 _a46
101 _aEDU
240 1 0 _aConcise guide to writing
245 1 0 _aAxelrod & Cooper's concise guide to writing /
_cRise B. Axelrod, Charles R. Cooper.
246 3 0 _aConcise guide to writing
906 _a7
_bcbc
_corignew
_d2
_eepcn
_f20
_gy-gencatlg
942 _2ddc
_cBK
999 _c41694
_d41694